| 000 | 00805nam a2200241 a 4500 | ||
|---|---|---|---|
| 001 | BRL_586 | ||
| 005 | 20190320210818.0 | ||
| 008 | 040913s1943----ag-#######---#000-0#spa-# | ||
| 041 | _aspager | ||
| 044 | _aag | ||
| 050 | 4 |
_aBM669 _b.R58 1943 |
|
| 245 | 1 | 0 |
_aRitual de oraciones israelitas _bpara todo el año con traducciones castellaña y alemana |
| 260 |
_aBuenos Aires _bEstrellas _c1943 |
||
| 300 |
_a385 p. _bil. _c22 cm. |
||
| 500 | _aAu633 | ||
| 500 | _aTexto en: Español, Alemán y Hebreo | ||
| 500 | _aPrimera parte; Las oraciones del Año nuevo según el Rito Aschkenas | ||
| 650 | 1 | 4 |
_aOración _xJudaismo _924359 |
| 650 | 1 | 4 |
_aJudaismo _xLiturgia _924360 |
| 740 | 0 | _aDie juedischen gebete: vollstaendiger text mit deutscher und spanischer uebersetzung | |
| 902 | _aGRL | ||
| 942 |
_2lcc _cB |
||
| 999 |
_c9398 _d9398 |
||